Von Mexiko bis China - Ländergrenzen - Statistiken

Allgemein
  • Dieses Quiz wurde 285 mal gespielt
  • Das Durchschnittsergebnis liegt bei 9 aus 12
Antwortstatistiken
Länge der Grenze Start: Mexiko % Korrekt
210 km Russland
85%
1643 km Brasilien
76%
203 km Honduras
76%
330 km Panama
76%
962 km Guatemala
75%
309 km Costa Rica
74%
225 km Kolumbien
74%
922 km Nicaragua
74%
4179 km China
69%
649 km Frankreich / Französich Guyana
60%
418 km Deutschland
58%
467 km Polen
55%
Keine übereinstimmenden Quizze gefunden
Verteilung der Resultate
Anzahl Personen mit jedem Resultat
Perzentil nach korrekt beantworteten Fragen
Ihre Resultats-Entwicklung
Sie haben dieses Quiz noch nicht gespielt